| 000 | 00322 a2200133 4500 | ||
|---|---|---|---|
| 001 | 87589 | ||
| 082 | _aN-3583 | ||
| 090 |
_c41049 _d41049 |
||
| 100 | _aShoaib, Dr | ||
| 245 |
_aDiscrete mathematics [cd] _pCAE7 CDs set _bMTH202 |
||
| 260 |
_aLahore _b2005 _cVirtual University |
||
| 500 | _aCD/DVD | ||
| 520 | _avideo library | ||
| 942 |
_aCAE NUST _kN-3583 |
||
| 999 |
_c322662 _d322662 |
||